000 00826nam a22002297a 4500
003 BUBTL
008 230102b ||||| |||| 00| 0 eng d
020 _a9781138293236
082 _a809.9112/ C2451m/ 2013
100 _95123
_aCarter, Mia
245 _aModernism and Literature:
_bAn Introduction and Reader/
_cMia Carter, Alan Warren Friedman
250 _a1st Edn.
260 _aLondon:
_bRoutledge Taylor & Francis Group,
_cc2013
300 _axxiv, 584 p.:
_c25 cm.
500 _aIncludes bibliographical references and index
505 _aModernism and Literature, Literature, English, English Literature, Mia Carter, Alan Warren Friedman
650 0 _91994
_aEnglish Literature
700 _95124
_aFriedman, Alan Warren
856 _k0
_l0
_yDownload
942 _2ddc
_cBK
999 _c6892
_d6892